[Event "Wch Amateurs U2300"]
[Site "Rhodes"]
[Date "2024.10.31"]
[Round "5"]
[White "Hoanca, Alexia Ioana"]
[Black "Myratgulyyev, Shohratguly"]
[Result "1-0"]
[WhiteElo "1981"]
[BlackElo "2185"]
[PlyCount "41"]
[EventDate "2024.10.27"]
[EventType "swiss"]
[EventRounds "9"]
[EventCountry "GRE"]
[SourceTitle "CB45_2024"]
[Source "ChessBase"]
[SourceDate "2024.11.06"]
[SourceVersion "1"]
[SourceVersionDate "2024.11.06"]
[SourceQuality "1"]

1. e4 c5 2. Nf3 d6 3. d4 cxd4 4. Nxd4 Nf6 5. Nc3 g6 6. Be3 Bg7 7. f3 0-0 8. Qd2 Nc6 9. 0-0-0 Nxd4 10. Bxd4 a6 11. g4 b5 12. h4 Qa5 13. Kb1 Be6 14. Nd5 Qd8 15. Nxf6+ Bxf6 16. Bxf6 exf6 17. Qh6 Re8 18. h5 g5 19. Bd3 Bc4 20. e5 Bxd3 21. exf6 1-0